00249nam a2200085Ia 4500008004100000082001600041245005000057260003900107700001700146220204s9999 xx 000 0 und d a681.31bSLA 0aMinicomputers: Uses and methods of evaluation aNew YorkbAlexander Hamiltonc1980 aSlay, Joseph